[Event "CAN-ch"]
[Site "Montreal CAN"]
[Date "2012.08.05"]
[Round "3"]
[White "Zhu, Hong Rui"]
[Black "Bolduc, Steve"]
[Result "0-1"]
[WhiteElo "2029"]
[BlackElo "2229"]
[PlyCount "168"]
[GameId "2160767909441676"]
[EventDate "2012.08.04"]
[EventType "swiss"]
[EventRounds "9"]
[EventCountry "CAN"]
[SourceTitle "CBM 149 Extra"]
[Source "ChessBase"]
[SourceDate "2012.08.24"]
[SourceVersion "1"]
[SourceVersionDate "2012.08.24"]
[SourceQuality "1"]

1. e4 e6 2. d4 d5 3. e5 c5 4. c3 Nc6 5. Nf3 Qb6 6. a3 c4 7. Be2 Bd7 8. Nbd2 Na5 9. O-O h6 10. Rb1 Ne7 11. h3 O-O-O 12. Qc2 Kb8 13. Bd1 Rc8 14. Nh2 Nf5 15. Ng4 Be7 16. Ne3 Nxe3 17. fxe3 f5 18. exf6 gxf6 19. Kh1 f5 20. Nf3 Bd6 21. Bd2 Rhg8 22. Be1 Rg6 23. Ng1 Rcg8 24. Bf3 Bc6 25. Bf2 f4 26. Rbe1 Qd8 27. Re2 Qg5 28. Rfe1 fxe3 29. Rxe3 Rf6 30. Qe2 Bd7 31. Qf1 Nc6 32. R1e2 Ne7 33. Re1 Nf5 34. Re5 Bxe5 35. Rxe5 Ng3+ 36. Bxg3 Qxg3 37. Qe2 a6 38. Qe3 Qf4 39. Qe1 Rf5 40. Re3 Rfg5 41. Qe2 Ka7 42. Qe1 Rg3 43. Re5 R8g5 44. Re3 h5 45. Qe2 Qf5 46. Qd1 Qg6 47. Ne2 Rxf3 48. Rxf3 Rxg2 49. Nf4 Qc2 50. Qxc2 Rxc2 51. Nxh5 e5 52. Nf6 Bc6 53. Kg1 exd4 54. cxd4 Rxb2 55. h4 Rb3 56. Rf2 c3 57. h5 Rb1+ 58. Kg2 Rb2 59. h6 Rxf2+ 60. Kxf2 c2 61. h7 c1=Q 62. h8=Q Qf4+ 63. Kg2 Qxd4 64. Qd8 Qb2+ 65. Kg3 Qxa3+ 66. Kf4 Qc5 67. Qc7 Qf2+ 68. Kg5 Qb6 69. Qd6 a5 70. Ng4 Qb4 71. Qc7 d4 72. Ne5 Qb5 73. Kf4 a4 74. Qd6 Qd5 75. Nxc6+ bxc6 76. Qc7+ Ka6 77. Qc8+ Kb5 78. Qb7+ Kc4 79. Qa6+ Qb5 80. Qa7 Kb3 81. Ke4 Qd5+ 82. Kd3 Qc4+ 83. Kd2 a3 84. Qh7 a2 0-1

[Event "CAN-ch"]
[Site "Montreal CAN"]
[Date "2012.08.06"]
[Round "4"]
[White "Bolduc, Steve"]
[Black "Filipovich, David"]
[Result "0-1"]
[WhiteElo "2229"]
[BlackElo "2091"]
[PlyCount "126"]
[GameId "2160767909441677"]
[EventDate "2012.08.04"]
[EventType "swiss"]
[EventRounds "9"]
[EventCountry "CAN"]
[SourceTitle "hb 2012"]

1. d4 g6 2. e4 Bg7 3. Nc3 d6 4. Be3 a6 5. Qd2 b5 6. h4 Nf6 7. f3 Nbd7 8. Nh3 Bb7 9. Nf4 h5 10. O-O-O O-O 11. g4 b4 12. Ncd5 e5 13. Nxh5 gxh5 14. Bg5 Bxd5 15. exd5 e4 16. gxh5 Re8 17. h6 Bf8 18. Rg1 Kh8 19. Bh3 Be7 20. Qf4 Rg8 21. Bxd7 Nxd7 22. h7 Rg6 23. fxe4 Bxg5 24. Rxg5 Rxg5 25. hxg5 Qe7 26. Rf1 Re8 27. Qf5 Kg7 28. Kd1 Rh8 29. e5 dxe5 30. dxe5 Nf8 31. Qf6+ Qxf6 32. gxf6+ Kxh7 33. Rh1+ Kg8 34. Rg1+ Ng6 35. Rg5 Rh4 36. c3 Re4 37. e6 Kf8 38. e7+ Ke8 39. d6 cxd6 40. cxb4 Re5 41. Rg3 Rf5 42. Ra3 Rxf6 43. Rxa6 Rf2 44. b3 Nxe7 45. b5 Nd5 46. b6 Kd7 47. b7 Kc7 48. Rxd6 Rf5 49. Rd7+ Kb8 50. Kd2 Nb6 51. Re7 Rd5+ 52. Kc3 Rd7 53. Re8+ Kxb7 54. a4 f5 55. a5 Nd5+ 56. Kc4 f4 57. Rf8 Ne3+ 58. Kc3 Nd5+ 59. Kc4 Rd6 60. Rf7+ Ka6 61. b4 Rf6 62. Rh7 f3 63. Kc5 Nc3 0-1

[Event "CAN-ch"]
[Site "Montreal CAN"]
[Date "2012.08.06"]
[Round "4"]
[White "Carrier, Claude"]
[Black "Humphreys, Michael"]
[Result "1/2-1/2"]
[WhiteElo "2154"]
[BlackElo "2179"]
[PlyCount "103"]
[GameId "2160767909441678"]
[EventDate "2012.08.04"]
[EventType "swiss"]
[EventRounds "9"]
[EventCountry "CAN"]
[SourceTitle "hb 2012"]

1. e4 c6 2. d4 d5 3. Nc3 dxe4 4. Nxe4 Bf5 5. Qf3 e6 6. c3 Nd7 7. Bd3 Bg6 8. Ng5 Ndf6 9. Bxg6 hxg6 10. N1h3 Qd5 11. Bf4 Qxf3 12. Nxf3 Nd5 13. Bg3 Nh6 14. O-O Nf5 15. Ne5 Be7 16. Nf4 Nxf4 17. Bxf4 g5 18. Bd2 Bf6 19. Nd3 O-O-O 20. Rad1 Rh4 21. g3 Rh3 22. f3 Rdh8 23. g4 Nh4 24. Ne1 Ng6 25. Rf2 Bd8 26. Nd3 Bc7 27. Bxg5 Bxh2+ 28. Kf1 Bg3 29. Rfd2 Rh1+ 30. Ke2 R8h2+ 31. Ke3 Rxd1 32. Rxd1 f6 33. Bf4 Nxf4 34. Nxf4 Bxf4+ 35. Kxf4 Rxb2 36. Rh1 g5+ 37. Ke3 Rxa2 38. Rh6 f5 39. Rg6 f4+ 40. Kd3 Rf2 41. Rxg5 Rxf3+ 42. Ke4 Rxc3 43. Kxf4 Rc4 44. Ke5 a5 45. Rg8+ Kc7 46. g5 Rc1 47. g6 Rg1 48. Kxe6 a4 49. Kf7 Rf1+ 50. Ke7 Re1+ 51. Kf7 Rf1+ 52. Ke7 1/2-1/2

[Event "CAN-ch"]
[Site "Montreal CAN"]
[Date "2012.08.06"]
[Round "4"]
[White "Derraugh, Geordie"]
[Black "Panjwani, Raja"]
[Result "0-1"]
[WhiteElo "2124"]
[BlackElo "2416"]
[PlyCount "78"]
[GameId "2160767909441679"]
[EventDate "2012.08.04"]
[EventType "swiss"]
[EventRounds "9"]
[EventCountry "CAN"]

1. e4 c5 2. Nf3 d6 3. d4 cxd4 4. Nxd4 Nf6 5. Nc3 a6 6. Be2 g6 7. O-O Bg7 8. a4 O-O 9. Be3 b6 10. f4 Bb7 11. Bf3 Nbd7 12. e5 Bxf3 13. gxf3 dxe5 14. Nc6 Qc7 15. Nxe7+ Kh8 16. f5 Rad8 17. fxg6 Nb8 18. Ncd5 Nxd5 19. Nxd5 Qc6 20. c4 b5 21. axb5 Qxc4 22. Nb6 Qxb5 23. Qa4 Qd3 24. Qe4 hxg6 25. Qh4+ Kg8 26. Bc5 Rfe8 27. Nc4 e4 28. Ne3 Qb5 29. Rac1 Rc8 30. b4 Nd7 31. Nd5 Nxc5 32. Ne7+ Rxe7 33. Qxe7 Qxb4 34. fxe4 Rf8 35. e5 Qd4+ 36. Kh1 Qe4+ 37. Kg1 Bxe5 38. Rce1 Bd4+ 39. Rf2 Bxf2+ 0-1

[Event "CAN-ch"]
[Site "Montreal CAN"]
[Date "2012.08.06"]
[Round "4"]
[White "Gusev, Nikita"]
[Black "Oussedik, Elias"]
[Result "1-0"]
[WhiteElo "2117"]
[BlackElo "2005"]
[PlyCount "127"]
[GameId "2160767909441680"]
[EventDate "2012.08.04"]
[EventType "swiss"]
[EventRounds "9"]
[EventCountry "CAN"]
[SourceTitle "CBM 149 Extra"]
[Source "ChessBase"]
[SourceDate "2012.08.24"]
[SourceVersion "1"]
[SourceVersionDate "2012.08.24"]
[SourceQuality "1"]

1. e4 e6 2. d4 d5 3. Nc3 Nf6 4. Bg5 Be7 5. e5 Nfd7 6. Bxe7 Qxe7 7. Qh5 a6 8. f4 c5 9. Nf3 Nc6 10. O-O-O g6 11. Qh6 Qf8 12. Qh4 c4 13. Qf2 h5 14. h3 Ne7 15. Rg1 Qh6 16. g3 Nb6 17. Ng5 Bd7 18. g4 Qg7 19. Kb1 O-O-O 20. Qd2 Kb8 21. Bg2 Rc8 22. Ka1 Qf8 23. Rde1 Na8 24. f5 gxf5 25. gxh5 Rxh5 26. Ne2 c3 27. Nxc3 Nb6 28. Bf1 Ng6 29. Nf3 Qb4 30. Rd1 Nc4 31. Bxc4 Rxc4 32. Ng5 Qe7 33. Qg2 Nh4 34. Qg3 Ka7 35. Kb1 Rc8 36. Nf3 Ng6 37. Rd2 Rch8 38. Rh2 Qb4 39. Ka1 Be8 40. Rd1 Qc4 41. Kb1 Qc7 42. Rg1 Qe7 43. h4 Qf8 44. Qf2 Qe7 45. Rgh1 Qb4 46. Ne2 f4 47. a3 Qa5 48. Nc1 Ba4 49. Ng5 Rc8 50. Qf3 Rch8 51. Nxf7 Nxh4 52. Rxh4 Rxh4 53. Nxh8 Rxh1 54. Qxh1 Qd2 55. b3 Bb5 56. Qf3 Be8 57. Nd3 Qh2 58. Nxf4 Qxh8 59. Nxe6 Qg8 60. Qxd5 Qg1+ 61. Kb2 Bg6 62. Nd8 Be4 63. Qxe4 Qxd4+ 64. Qxd4+ 1-0

[Event "CAN-ch"]
[Site "Montreal CAN"]
[Date "2012.08.06"]
[Round "4"]
[White "Hebert, Jean"]
[Black "Chabot, Roland"]
[Result "1-0"]
[WhiteElo "2410"]
[BlackElo "2231"]
[PlyCount "151"]
[GameId "2160767909441681"]
[EventDate "2012.08.04"]
[EventType "swiss"]
[EventRounds "9"]
[EventCountry "CAN"]
[SourceTitle "hb 2012"]

1. d4 e6 2. Nf3 c5 3. e3 d5 4. b3 Nf6 5. Bd3 Nc6 6. O-O Bd6 7. Bb2 b6 8. Nbd2 O-O 9. c4 Bb7 10. a3 Rc8 11. Qe2 Re8 12. Ne5 cxd4 13. exd4 Bb8 14. Ndf3 Nxe5 15. Nxe5 Bd6 16. Rfd1 Qe7 17. Qe3 Red8 18. Qh3 dxc4 19. bxc4 Be4 20. Be2 Bxe5 21. dxe5 Rxd1+ 22. Rxd1 Nd7 23. Rd6 Nc5 24. Qe3 Bc6 25. f3 Nb7 26. Rd4 Rd8 27. g3 Rxd4 28. Bxd4 Qc7 29. Kg2 Bd7 30. Bd3 Nc5 31. Bb1 Bc8 32. h4 Ba6 33. Ba2 Bb7 34. h5 h6 35. g4 Qc6 36. Bb1 Kf8 37. Bc2 Kg8 38. Kg3 Kf8 39. Bd1 Qc7 40. Be2 Qe7 41. Bc3 Ke8 42. Qd2 Qd7 43. Qc2 Qe7 44. Qd2 Qd8 45. Qe3 Kd7 46. Bb4 Qe7 47. Qd4+ Kc7 48. Bc3 Kc8 49. Bb4 Kc7 50. Qe3 a5 51. Bc3 Nb3 52. Bb2 Nc5 53. Bd4 Kc8 54. Bc3 Kc7 55. Qd2 Kc8 56. Qe3 Bc6 57. Bd2 Nd7 58. Bc1 Kc7 59. Bb2 Nc5 60. Qd2 Nb7 61. Qd4 Qc5 62. Kf4 Qxd4+ 63. Bxd4 Nc5 64. g5 hxg5+ 65. Kxg5 Kd8 66. h6 gxh6+ 67. Kxh6 Ke7 68. Kg7 Ba4 69. Bf2 Bb3 70. f4 a4 71. Bh4+ Ke8 72. Bh5 Bxc4 73. Bxf7+ Kd7 74. f5 b5 75. f6 b4 76. Be8+ 1-0

[Event "CAN-ch"]
[Site "Montreal CAN"]
[Date "2012.08.06"]
[Round "4"]
[White "Itkin, David"]
[Black "Song, Michael"]
[Result "0-1"]
[WhiteElo "2058"]
[BlackElo "2154"]
[PlyCount "120"]
[GameId "2160767909441682"]
[EventDate "2012.08.04"]
[EventType "swiss"]
[EventRounds "9"]
[EventCountry "CAN"]
[SourceTitle "hb 2012"]

1. e4 c6 2. Nc3 d5 3. Nf3 Bg4 4. h3 Bh5 5. Be2 e6 6. d4 Bb4 7. exd5 cxd5 8. O-O Nf6 9. Ne5 Bxe2 10. Nxe2 O-O 11. Ng3 Nc6 12. Bg5 Be7 13. c3 h6 14. Bf4 Nxe5 15. dxe5 Nd7 16. Nh5 Kh7 17. Re1 g6 18. Qc2 Qc7 19. Rad1 Rfc8 20. Rd4 Qb6 21. Be3 Qd8 22. Rf4 Kg8 23. Bd4 Bg5 24. Rf3 gxh5 25. h4 Bxh4 26. Rxf7 Nf8 27. Rxb7 Rc7 28. Rb4 Rg7 29. Be3 Bg5 30. f4 Be7 31. Ra4 Rg4 32. Rf1 Qc7 33. f5 Qxe5 34. Rxg4+ hxg4 35. Bd4 Qe4 36. Qf2 Qxf5 37. Qg3 Qg6 38. Qe5 Qh7 39. Qh5 Bg5 40. Qxg4 Re8 41. Qh5 Re7 42. Bc5 Rf7 43. Rxf7 Qxf7 44. Qxf7+ Kxf7 45. Bxa7 e5 46. a4 Ke6 47. b4 Nd7 48. a5 Bd2 49. a6 Bxc3 50. Bf2 Bd4 51. Bxd4 exd4 52. Kf1 Ke5 53. Ke2 Ke4 54. b5 Nb6 55. a7 d3+ 56. Kd2 Kd4 57. Kd1 Kc3 58. Kc1 d2+ 59. Kd1 Kd3 60. g3 Na4 0-1

[Event "CAN-ch"]
[Site "Montreal CAN"]
[Date "2012.08.06"]
[Round "4"]
[White "Kovalyov, Anton"]
[Black "Gerzhoy, Leonid"]
[Result "1-0"]
[WhiteElo "2605"]
[BlackElo "2448"]
[PlyCount "125"]
[GameId "2160767909441683"]
[EventDate "2012.08.04"]
[EventType "swiss"]
[EventRounds "9"]
[EventCountry "CAN"]
[SourceTitle "CBM 149 Extra"]
[Source "ChessBase"]
[SourceDate "2012.08.24"]
[SourceVersion "1"]
[SourceVersionDate "2012.08.24"]
[SourceQuality "1"]

1. c4 e6 2. g3 d5 3. Bg2 Nf6 4. Nf3 dxc4 5. Qa4+ c6 6. Qxc4 b5 7. Qc2 Bb7 8. Nc3 a6 9. a4 Nbd7 10. O-O Qb6 11. d3 c5 12. e4 Be7 13. h3 O-O 14. Be3 Rac8 15. Rfc1 Rfd8 16. axb5 axb5 17. b4 Nb8 18. Qb1 Na6 19. bxc5 Bxc5 20. d4 Be7 21. Qxb5 Qxb5 22. Nxb5 Rxc1+ 23. Bxc1 Nxe4 24. Ng5 Bxg5 25. Bxg5 f6 26. Bxe4 Bxe4 27. Rxa6 fxg5 28. Rxe6 Bd3 29. Nd6 Kf8 30. Re3 Bc2 31. Ne4 h6 32. Nc5 Kf7 33. Re2 Bg6 34. Rd2 Kf6 35. f3 Bf7 36. Kf2 Bd5 37. Rb2 Ra8 38. Ne4+ Ke7 39. Nc3 Bc6 40. Rb6 Rc8 41. Nd1 Bd7 42. Ne3 Ra8 43. Nd5+ Kf8 44. g4 Ra3 45. Ke2 Kf7 46. Rb7 Ke8 47. Rb2 Bc6 48. Ne3 Bd7 49. Nc4 Rc3 50. Ne5 Bc8 51. Kd2 Rc7 52. Ke3 Bb7 53. Rb5 Re7 54. Rc5 Kd8 55. f4 gxf4+ 56. Kxf4 Re6 57. d5 Rf6+ 58. Ke3 Rf1 59. d6 Re1+ 60. Kd2 Re4 61. Nf7+ Ke8 62. Rc7 Bc6 63. d7+ 1-0

[Event "CAN-ch"]
[Site "Montreal CAN"]
[Date "2012.08.06"]
[Round "4"]
[White "Kraiouchkine, Nikita"]
[Black "Chiku-Ratte, Olivier-Kenta"]
[Result "1-0"]
[WhiteElo "2204"]
[BlackElo "2107"]
[PlyCount "149"]
[GameId "2160767909441684"]
[EventDate "2012.08.04"]
[EventType "swiss"]
[EventRounds "9"]
[EventCountry "CAN"]
[SourceTitle "CBM 149 Extra"]
[Source "ChessBase"]
[SourceDate "2012.08.24"]
[SourceVersion "1"]
[SourceVersionDate "2012.08.24"]
[SourceQuality "1"]

1. e4 c5 2. Nf3 d6 3. d4 cxd4 4. Nxd4 Nf6 5. Nc3 g6 6. Be3 Bg7 7. f3 Nc6 8. Qd2 O-O 9. Bc4 Bd7 10. Bb3 Rc8 11. O-O-O Ne5 12. Kb1 Re8 13. g4 b5 14. g5 Nh5 15. Ncxb5 a6 16. Na3 a5 17. c3 a4 18. Bc2 Rb8 19. Bd3 Qb6 20. Nc4 Qb7 21. Nxe5 dxe5 22. Ne2 Be6 23. Bc5 Red8 24. Bb4 Bc4 25. Qe3 Qb5 26. Bxc4 Qxc4 27. Rd2 f5 28. Rhd1 Rxd2 29. Rxd2 fxe4 30. Qxe4 Qe6 31. Nd4 Qc4 32. Nc6 Qf1+ 33. Kc2 Rf8 34. Nxe7+ Kh8 35. Nxg6+ hxg6 36. Bxf8 Bxf8 37. Qxg6 Qxf3 38. Qd3 Qf7 39. g6 Qf4 40. Kb1 Nf6 41. Rd1 e4 42. Qc4 Qg4 43. Rf1 Qxg6 44. Qxa4 Bg7 45. Qc2 Nd5 46. Re1 Qb6 47. Qb3 Qf2 48. Qb8+ Kh7 49. Qg3 Qd2 50. Rg1 Qh6 51. Qg4 Nf6 52. Qf5+ Kh8 53. Qg6 e3 54. Qxh6+ Bxh6 55. a4 Nd5 56. a5 Bf4 57. Kc2 Bc7 58. b4 Nf4 59. Re1 e2 60. Kd2 Kg7 61. h3 Kf6 62. Rxe2 Nxe2 63. Kxe2 Ke5 64. Kd3 Kd5 65. h4 Bf4 66. h5 Bh6 67. c4+ Kc6 68. b5+ Kc5 69. a6 Kb6 70. Ke4 Bd2 71. Kf5 Be3 72. Kg6 Ka5 73. h6 Kb4 74. h7 Bd4 75. a7 1-0

[Event "CAN-ch"]
[Site "Montreal CAN"]
[Date "2012.08.06"]
[Round "4"]
[White "Leutschaft, Martin"]
[Black "Cardin, Guillaume"]
[Result "1/2-1/2"]
[WhiteElo "2143"]
[BlackElo "1790"]
[PlyCount "95"]
[GameId "2160767909441685"]
[EventDate "2012.08.04"]
[EventType "swiss"]
[EventRounds "9"]
[EventCountry "CAN"]
[SourceTitle "hb 2012"]

1. d4 d5 2. Nf3 Nf6 3. Bg5 e6 4. e3 c5 5. c3 Nc6 6. Nbd2 cxd4 7. exd4 h6 8. Bh4 Bd6 9. Bd3 O-O 10. O-O Re8 11. Re1 e5 12. dxe5 Nxe5 13. Nxe5 Rxe5 14. Rxe5 Bxe5 15. Nf3 Bg4 16. h3 Bxf3 17. Qxf3 Qd6 18. Re1 Nd7 19. Bc2 g5 20. Bg3 Bxg3 21. Qxg3 Qxg3 22. fxg3 Kf8 23. Kf2 Nf6 24. g4 a6 25. Rd1 Re8 26. Bb3 Re5 27. Rd4 Ke7 28. Bc2 Kd6 29. Bf5 a5 30. Bc2 Ng8 31. b4 axb4 32. cxb4 Ne7 33. a3 f6 34. Rd3 b6 35. Rf3 Ke6 36. Re3 d4 37. Bb3+ Kd6 38. Rd3 Re4 39. Rf3 Rf4 40. Rxf4 gxf4 41. Kf3 Ke5 42. Bc4 Nd5 43. Bd3 Nc3 44. Bc2 Nd5 45. h4 Ne3 46. Bd3 Nd5 47. Ke2 Ne3 48. Kf3 1/2-1/2

[Event "CAN-ch"]
[Site "Montreal CAN"]
[Date "2012.08.06"]
[Round "4"]
[White "Luo, Zhao Yang"]
[Black "Upper, John"]
[Result "1/2-1/2"]
[WhiteElo "1991"]
[BlackElo "2036"]
[PlyCount "43"]
[GameId "2160767909441686"]
[EventDate "2012.08.04"]
[EventType "swiss"]
[EventRounds "9"]
[EventCountry "CAN"]
[SourceTitle "hb 2012"]

1. d4 d5 2. Nf3 Nf6 3. e3 c6 4. Be2 Bf5 5. O-O Nbd7 6. c4 e6 7. Nc3 h6 8. b3 Bb4 9. Bb2 O-O 10. Rc1 Qe7 11. Bd3 Bxd3 12. Qxd3 Rfe8 13. Qc2 Rac8 14. Ne2 Ne4 15. Nf4 Bd6 16. Nd3 h5 17. Nfe5 Nf8 18. Nf4 f6 19. Ned3 h4 20. Qe2 g5 21. Nh3 Qc7 22. f4 1/2-1/2

[Event "CAN-ch"]
[Site "Montreal CAN"]
[Date "2012.08.06"]
[Round "4"]
[White "Masse, Hugues"]
[Black "Anastasovski, Nikola"]
[Result "1-0"]
[WhiteElo "2232"]
[BlackElo "2070"]
[PlyCount "103"]
[GameId "2160767909441687"]
[EventDate "2012.08.04"]
[EventType "swiss"]
[EventRounds "9"]
[EventCountry "CAN"]
[SourceTitle "CBM 149 Extra"]
[Source "ChessBase"]
[SourceDate "2012.08.24"]
[SourceVersion "1"]
[SourceVersionDate "2012.08.24"]
[SourceQuality "1"]

1. d4 e6 2. c4 b6 3. e4 Bb7 4. Bd3 g6 5. Ne2 Bg7 6. Nbc3 h6 7. O-O Ne7 8. Be3 d6 9. c5 Nd7 10. cxd6 cxd6 11. Nb5 Nc8 12. Qc1 Kf8 13. f4 a6 14. Nc7 Ra7 15. f5 Bxe4 16. Nxe6+ fxe6 17. fxe6+ Nf6 18. Bxe4 Ne7 19. Qc2 Qe8 20. Nf4 g5 21. Bg6 Qd8 22. Nh5 Ned5 23. Bd2 Kg8 24. Bf7+ Rxf7 25. exf7+ Kxf7 26. Rae1 Qc8 27. Qxc8 Rxc8 28. Rc1 Re8 29. Nxg7 Kxg7 30. Rfe1 Ne4 31. Re2 Kg6 32. Rce1 Ndf6 33. Bb4 d5 34. Rc1 a5 35. Be1 h5 36. Rc6 Rb8 37. Bg3 Rb7 38. Be5 b5 39. Rxe4 dxe4 40. Rxf6+ Kh7 41. Kf2 b4 42. Ke3 a4 43. Kxe4 b3 44. a3 g4 45. d5 h4 46. d6 h3 47. gxh3 gxh3 48. Rf3 Ra7 49. Rxh3+ Kg6 50. Rg3+ Kh6 51. Kf5 Rf7+ 52. Bf6 1-0

[Event "CAN-ch"]
[Site "Montreal CAN"]
[Date "2012.08.06"]
[Round "4"]
[White "Milicevic, Goran"]
[Black "Robichaud, Louis"]
[Result "1-0"]
[WhiteElo "2287"]
[BlackElo "2100"]
[PlyCount "57"]
[GameId "2160767909441688"]
[EventDate "2012.08.04"]
[EventType "swiss"]
[EventRounds "9"]
[EventCountry "CAN"]
[SourceTitle "EXT 2022"]
[Source "ChessBase"]
[SourceDate "2021.10.06"]
[SourceVersion "1"]
[SourceVersionDate "2021.10.06"]
[SourceQuality "1"]

1. d4 Nf6 2. Nf3 g6 3. Nc3 d5 4. Bg5 Nbd7 5. e3 Bg7 6. Be2 O-O 7. O-O c6 8. b4 h6 9. Bh4 Ne4 10. Nxe4 dxe4 11. Nd2 g5 12. Bg3 f5 13. c3 e5 14. f3 exd4 15. cxd4 exf3 16. Bc4+ Kh8 17. Nxf3 Nb6 18. Bb3 Qe8 19. Be5 Be6 20. Rc1 Rd8 21. Rc5 Nd5 22. Bxg7+ Kxg7 23. Qd2 f4 24. exf4 Rxf4 25. Re1 Qg8 26. Qe2 Bf7 27. Qe5+ Kh7 28. b5 Re8 29. Bc2+ 1-0

[Event "CAN-ch"]
[Site "Montreal CAN"]
[Date "2012.08.06"]
[Round "4"]
[White "Noritsyn, Nikolay"]
[Black "Sambuev, Bator"]
[Result "0-1"]
[WhiteElo "2472"]
[BlackElo "2523"]
[PlyCount "78"]
[GameId "2160767909441689"]
[EventDate "2012.08.04"]
[EventType "swiss"]
[EventRounds "9"]
[EventCountry "CAN"]
[SourceTitle "CBM 149 Extra"]
[Source "ChessBase"]
[SourceDate "2012.08.24"]
[SourceVersion "1"]
[SourceVersionDate "2012.08.24"]
[SourceQuality "1"]

1. e4 e6 2. Qe2 Nc6 3. Nf3 e5 4. c3 g6 5. d4 Bg7 6. dxe5 Nxe5 7. Nxe5 Bxe5 8. Qf3 d6 9. Bd3 h5 10. Na3 Qe7 11. Nc4 Bg7 12. h3 Be6 13. Bf4 g5 14. Bg3 f5 15. e5 d5 16. Bxf5 dxc4 17. O-O-O Nh6 18. Bc2 h4 19. Bh2 Qf7 20. Ba4+ c6 21. Bxc6+ Kf8 22. Bxb7 Qxf3 23. Bxf3 Rc8 24. Rd6 Ke7 25. Ra6 Rc7 26. Rd1 Nf7 27. Rdd6 Rh6 28. Rdc6 Rxc6 29. Rxc6 Bxe5 30. g3 hxg3 31. fxg3 Rf6 32. Bd1 Rf1 33. Ra6 Bxh3 34. Rxa7+ Kf6 35. Kd2 Rf2+ 36. Ke3 Rxh2 37. Bh5 Nd6 38. Rh7 Nf5+ 39. Kf3 g4+ 0-1

[Event "CAN-ch"]
[Site "Montreal CAN"]
[Date "2012.08.06"]
[Round "4"]
[White "Pechenkin, Vladimir"]
[Black "Larochelle, Martial"]
[Result "1-0"]
[WhiteElo "2341"]
[BlackElo "2153"]
[PlyCount "113"]
[GameId "2160767909441690"]
[EventDate "2012.08.04"]
[EventType "swiss"]
[EventRounds "9"]
[EventCountry "CAN"]
[SourceTitle "hb 2012"]

1. c4 Nf6 2. g3 g6 3. Bg2 d5 4. cxd5 Nxd5 5. Nc3 Nb6 6. d3 Bg7 7. Be3 Nc6 8. Qd2 Nd4 9. Nf3 Nxf3+ 10. Bxf3 c6 11. Bh6 Qd4 12. h4 Be6 13. Be3 Qd7 14. h5 Nd5 15. Bc5 Bg4 16. Bxg4 Qxg4 17. Rh4 Qd7 18. Rc1 Bf6 19. Rh2 Nxc3 20. bxc3 Qd5 21. Be3 Qa5 22. c4 Qxd2+ 23. Kxd2 b6 24. f4 Kd7 25. a4 e6 26. g4 c5 27. Rch1 Kc6 28. g5 Bg7 29. hxg6 hxg6 30. Rh7 Rhg8 31. Kc2 Rad8 32. Bd2 Rd7 33. Bc3 Bxc3 34. Kxc3 a6 35. Rh8 Rdd8 36. Rxg8 Rxg8 37. Rh7 Rf8 38. Kd2 b5 39. axb5+ axb5 40. cxb5+ Kxb5 41. Ke3 Kc6 42. Ke4 Kd6 43. Rh1 Rb8 44. Ra1 Rb4+ 45. Ke3 Rb7 46. Ra6+ Kd5 47. Ra8 Rd7 48. Rc8 Kd6 49. Ke4 Rc7 50. Rxc7 Kxc7 51. Ke5 Kd7 52. Kf6 Ke8 53. e3 Kf8 54. e4 Ke8 55. f5 exf5 56. exf5 gxf5 57. Kxf5 1-0

[Event "CAN-ch"]
[Site "Montreal CAN"]
[Date "2012.08.06"]
[Round "4"]
[White "Preotu, Razvan"]
[Black "Khassanov, Marat"]
[Result "1/2-1/2"]
[WhiteElo "2262"]
[BlackElo "2273"]
[PlyCount "100"]
[GameId "2160767909441691"]
[EventDate "2012.08.04"]
[EventType "swiss"]
[EventRounds "9"]
[EventCountry "CAN"]
[SourceTitle "hb 2012"]

1. e4 Nf6 2. e5 Nd5 3. d4 d6 4. c4 Nb6 5. exd6 cxd6 6. Nf3 g6 7. Nc3 Bg7 8. Be3 O-O 9. Rc1 Bg4 10. Be2 Nc6 11. b3 d5 12. c5 Nc8 13. O-O e6 14. Ne1 Bxe2 15. Nxe2 N8e7 16. Nf3 b6 17. Qd2 bxc5 18. Rxc5 Qb6 19. Rfc1 Rac8 20. Qc3 Qb4 21. Qxb4 Nxb4 22. a3 Rxc5 23. Rxc5 Nbc6 24. b4 a6 25. Nc1 Rb8 26. Nd3 Rb6 27. Nfe5 f6 28. Nxc6 Nxc6 29. f4 Kf7 30. Kf2 Ke7 31. g4 f5 32. gxf5 gxf5 33. Ne5 Bxe5 34. dxe5 d4 35. Bd2 Kd7 36. Ke2 Rb5 37. Rc4 Rd5 38. Kd3 Kc7 39. a4 Kb6 40. Be1 Kb7 41. Rc2 Rd7 42. Rg2 Kc7 43. Rg8 Ne7 44. Rg7 Nd5 45. Rxd7+ Kxd7 46. Bd2 Kc6 47. Kxd4 Nb6 48. a5 Nd5 49. Kc4 Nc7 50. Be3 Nb5 1/2-1/2

[Event "CAN-ch"]
[Site "Montreal CAN"]
[Date "2012.08.06"]
[Round "4"]
[White "Qin, Zi Yi (Joey)"]
[Black "Jiang, Louie"]
[Result "1/2-1/2"]
[WhiteElo "2198"]
[BlackElo "2327"]
[PlyCount "97"]
[GameId "2160767909441692"]
[EventDate "2012.08.04"]
[EventType "swiss"]
[EventRounds "9"]
[EventCountry "CAN"]

1. Nf3 Nf6 2. g3 c6 3. Bg2 d5 4. O-O Nbd7 5. d3 e5 6. e4 Bd6 7. Nc3 O-O 8. Nh4 Nb6 9. h3 Be7 10. b3 Be6 11. Nf3 Nfd7 12. Bb2 Qc7 13. Ne2 f5 14. exf5 Bxf5 15. g4 Bg6 16. Qd2 Rae8 17. Rae1 e4 18. Nfd4 Bh4 19. dxe4 dxe4 20. Nc3 e3 21. Rxe3 Bg5 22. f4 Rxf4 23. Rxe8+ Bxe8 24. Rxf4 Qxf4 25. Qxf4 Bxf4 26. Nce2 Be5 27. Bc1 Nd5 28. Bxd5+ cxd5 29. Bf4 Bf6 30. Kf2 Nc5 31. Ke3 Bd7 32. Nc3 Ne6 33. Nxe6 Bxc3 34. Nd4 g6 35. Be5 h5 36. Kf4 Bd2+ 37. Kf3 Kf7 38. a4 a6 39. Kg3 Be1+ 40. Kf4 Bd2+ 41. Kg3 b5 42. axb5 axb5 43. Nf3 Ba5 44. Kf4 Bd8 45. b4 Be7 46. c3 Bd8 47. Bb8 Bf6 48. Be5 Bd8 49. Bb8 1/2-1/2

[Event "CAN-ch"]
[Site "Montreal CAN"]
[Date "2012.08.06"]
[Round "4"]
[White "Wang, Richard"]
[Black "Hamilton, Robert"]
[Result "1/2-1/2"]
[WhiteElo "2307"]
[BlackElo "2305"]
[PlyCount "175"]
[GameId "2160767909441693"]
[EventDate "2012.08.04"]
[EventType "swiss"]
[EventRounds "9"]
[EventCountry "CAN"]
[SourceTitle "EXT 2022"]
[Source "ChessBase"]
[SourceDate "2021.10.06"]
[SourceVersion "1"]
[SourceVersionDate "2021.10.06"]
[SourceQuality "1"]

1. d4 e6 2. Nf3 c5 3. e3 b6 4. Bd3 Nf6 5. O-O Bb7 6. c4 Be7 7. Nc3 cxd4 8. exd4 d5 9. cxd5 Nxd5 10. Ne5 O-O 11. Qg4 f5 12. Qe2 Bf6 13. Bc4 Re8 14. Rd1 a6 15. f4 b5 16. Bb3 Qd6 17. Be3 Nd7 18. Rac1 Rac8 19. a4 Nxe3 20. Qxe3 b4 21. Ne2 Nb6 22. Rc5 Nd5 23. Bxd5 Bxd5 24. Rdc1 Qb8 25. Nd7 Qb7 26. Nxf6+ gxf6 27. Qg3+ Kh8 28. Qh4 Qg7 29. Ng3 Rxc5 30. Rxc5 Rf8 31. Qh5 Rg8 32. a5 Ba8 33. Qh4 Rf8 34. Rc2 b3 35. Rc3 Qb7 36. Qh3 Rg8 37. Rd3 Rg6 38. Rc3 Qd7 39. Rc4 Bb7 40. Qh5 Bd5 41. Rc5 Bb7 42. Qd1 Rg4 43. Qd2 Bd5 44. Qc3 Rg8 45. Qd2 h5 46. Qd1 h4 47. Qh5+ Qh7 48. Rc7 Qxh5 49. Nxh5 Rxg2+ 50. Kf1 Rg6 51. Ke1 Rh6 52. Ng7 Kg8 53. Ne8 Kf8 54. Nd6 Rg6 55. Rf7+ Kg8 56. Rd7 Rg7 57. Rxg7+ Kxg7 58. Kd2 Kf8 59. Kc3 Ke7 60. Nc4 Bxc4 61. Kxc4 e5 62. dxe5 fxe5 63. fxe5 Ke6 64. Kxb3 Kxe5 65. Kc4 Ke4 66. Kc3 Ke3 67. b4 f4 68. b5 axb5 69. a6 f3 70. a7 f2 71. a8=Q f1=Q 72. Qg8 Qf6+ 73. Kb4 Qf4+ 74. Kxb5 Qe5+ 75. Kc4 Qxh2 76. Qe6+ Kf2 77. Qf5+ Kg2 78. Qe4+ Kf2 79. Qf5+ Ke3 80. Qe6+ Kd2 81. Qd5+ Kc1 82. Qg5+ Kb1 83. Kd3 Qc2+ 84. Kd4 Qf2+ 85. Qe3 Qf6+ 86. Kd3 Qa6+ 87. Kd2 Qf6 88. Qb3+ 1/2-1/2